| 000 | 00623nam a2200205 a 4500 | ||
|---|---|---|---|
| 005 | 20240911064319.0 | ||
| 008 | 991125s1982 mx 000 0 spa u | ||
| 020 | _a9681613171 | ||
| 035 | _aUPN01000011098 | ||
| 049 | _aCG | ||
| 050 | 4 |
_aQ171 _bM4.38 |
|
| 100 | 1 | _aMedawar, P. B. | |
| 245 | 1 | 0 |
_aConsejos a un joven científico / _cpor P. B. Medawar ; tr. Juan José Utrilla. |
| 260 |
_aMéxico : _bCONACYT : _bFCE, _c1982. |
||
| 300 | _a156 p. | ||
| 440 | 0 |
_aBreviarios del Fondo de Cultura Económica ; _v341 |
|
| 650 | 4 |
_aCiencia _xEstudio y enseñanza _96354 |
|
| 650 | 4 |
_aCiencia _xFilosofía _94696 |
|
| 905 | _aLibro | ||
| 999 |
_c11098 _d11098 |
||